000 00316cam a22001217a 4500
008 180718b1946 xxu||||| |||| 00| 0 eng d
082 _aT19 H319
100 _aHawtrey, R.G.
245 _aEconomic rebirth
_cby R.G. Hawtrey
260 _aLondon
_bLongmans
_c1946
300 _a161p.
650 _aReconstruction (1939-51)
999 _c367913
_d367913